[Event "Novi Sad op"]
[Site "Novi Sad"]
[Date "1988.??.??"]
[Round "5"]
[White "Begovac, Franja"]
[Black "Glisic, Vojislav"]
[Result "1-0"]
[WhiteElo "2390"]
[BlackElo "2265"]

1.d4 Nf6 2.c4 e6 3.Nf3 Bb4+ 4.Bd2 c5 5.Bxb4 cxb4 6.g3 O-O 7.Bg2 d6 8.O-O Qc7
9.Qb3 Na6 10.a3 Qa5 11.Nbd2 Bd7 12.Qd3 bxa3 13.Rxa3 Qc7 14.Qc3 Bc6 15.b4 Ne4
16.Nxe4 Bxe4 17.b5 Nb8 18.Rfa1 a6 19.Qe3 d5 20.c5 Re8 21.Ne5 Bxg2 22.Kxg2 f6
23.Nd3 Qd7 24.Ra5 b6 25.cxb6 Qb7 26.Nc5 Qxb6 27.Qd3 Ra7 28.bxa6 e5 29.e3 exd4
30.exd4 Qd6 31.Rb1 f5 32.Rb7 Nc6 33.Rxa7 Nxa7 34.Qxf5 Nc6 35.Nb7  1-0

[Event "Novi Sad op"]
[Site "Novi Sad"]
[Date "1988.??.??"]
[Round "9"]
[White "Eingorn, Vereslav S"]
[Black "Zlochevskij, Alexander"]
[Result "1-0"]
[WhiteElo "2570"]
[BlackElo "2340"]

1.d4 Nf6 2.Nf3 e6 3.c4 Bb4+ 4.Bd2 Qe7 5.g3 Nc6 6.Nc3 Bxc3 7.Bxc3 Ne4 8.Rc1 d6
9.d5 Nxc3 10.Rxc3 Nb8 11.dxe6 fxe6 12.Bg2 O-O 13.O-O Nc6 14.Nd4 Bd7 15.a3 Qf6
16.e3 Nxd4 17.exd4 Bc6 18.Bxc6 bxc6 19.Re3 a5 20.b3 Rae8 21.Qd2 Qf5 22.Rfe1 Rf6
23.R1e2 Rb8 24.Qc3 c5 25.dxc5 Qxc5 26.Rxe6 Rxe6 27.Rxe6 d5 28.Qe1 h6 29.a4 dxc4
30.Re8+ Rxe8 31.Qxe8+ Kh7 32.Qe4+ Kh8 33.Qxc4 Qd6 34.Kg2 c6 35.h4 Kh7 36.h5 Kh8
37.Qe4 Qc5 38.g4 Qb6 39.Qc4 c5 40.Qd5 Qb4 41.f3 Qc3 42.Kf2 Qc1 43.Ke2 Qb2+
44.Kd3 Qc1 45.Ke4 Qe1+ 46.Kf5 Qe3 47.f4 Kh7 48.Qc4 Kh8 49.g5 Qh3+ 50.Kg6 Qd7
51.Qe4 Qd6+ 52.Kf7 Qd7+ 53.Kf8 Qd8+ 54.Qe8 Qc7 55.gxh6 c4 56.bxc4 g5 57.Qe5+ Qxe5
58.fxe5 g4 59.e6  1-0

[Event "Paris-ch"]
[Site "Paris"]
[Date "1988.??.??"]
[Round "2"]
[White "De Boer, Gert Jan"]
[Black "Chevallier, Didier"]
[Result "1-0"]
[WhiteElo "2390"]
[BlackElo "2250"]

1.d4 Nf6 2.Nf3 e6 3.c4 Bb4+ 4.Bd2 c5 5.Bxb4 cxb4 6.g3 O-O 7.Bg2 d6 8.O-O Nc6
9.a3 Qb6 10.axb4 Qxb4 11.b3 a5 12.Nbd2 Bd7 13.e3 e5 14.Qc2 Rfc8 15.dxe5 dxe5
16.Ng5 h6 17.Nge4 Nxe4 18.Nxe4 Ne7 19.Rfd1 Bc6 20.Qc3 Bxe4 21.Qxb4 axb4 22.Rxa8 Rxa8
23.Bxe4 f5 24.Bxb7 Ra3 25.Bd5+ Kh7 26.Be6 Rxb3 27.Rd7 Nc6 28.Bxf5+ Kg8 29.Rc7 Na5
30.Bg6 Kf8 31.Rf7+ Ke8 32.Ra7+ Kd8 33.Rxa5 Rc3 34.Bf7 b3 35.Rb5 Ke7 36.Bd5 Kd6
37.e4 g5 38.c5+ Kc7 39.Rxb3 Rxc5 40.Rb7+ Kc8 41.Rh7  1-0

[Event "Paris-ch"]
[Site "Paris"]
[Date "1988.??.??"]
[Round "4"]
[White "De Boer, Gert Jan"]
[Black "Timmer, Robert"]
[Result "1/2-1/2"]
[WhiteElo "2390"]
[BlackElo "2275"]

1.d4 Nf6 2.Nf3 e6 3.c4 Bb4+ 4.Bd2 a5 5.Nc3 b6 6.e3 Bb7 7.Bd3 O-O 8.O-O d5
9.cxd5 exd5 10.Rc1 Qe7 11.a3 Bxc3 12.Bxc3 Ne4 13.Qc2 Nd7 14.b4 Rfc8 15.Nd2 axb4
16.axb4 Nxc3 17.Qxc3 c5 18.bxc5 bxc5 19.dxc5 Nxc5 20.Bf5 Ne6 21.Qe5 g6 22.Bh3 Re8
23.Nf3 Rad8 24.Bxe6 Qxe6 25.Qxe6 Rxe6 26.Rc7 Bc8 27.Rfc1 Ree8 28.h4 Bg4 29.Nd4 Rc8
30.Kh2 Rxc7 31.Rxc7 Kg7 32.Kg3 Be6 33.Kf4 h5 34.f3 Kf6 35.Ra7 Rh8 36.Ra5 Rc8
37.Ra7 Rc1 38.Ra6 Rh1 39.Kg3 Re1 40.Kf2 Rh1 41.Kg3  1/2-1/2

[Event "Porz"]
[Site "Porz"]
[Date "1988.??.??"]
[Round "?"]
[White "Christiansen, Larry Mark"]
[Black "Ostermeyer, Peter"]
[Result "1/2-1/2"]
[WhiteElo "2550"]
[BlackElo "2450"]

1.d4 Nf6 2.c4 e6 3.Nf3 Bb4+ 4.Bd2 Qe7 5.Nc3 Bxc3 6.Bxc3 Ne4 7.Rc1 d6 8.g3 O-O
9.Bg2 Nd7 10.O-O f5 11.Bb4  1/2-1/2

[Event "Porz"]
[Site "Porz"]
[Date "1988.??.??"]
[Round "?"]
[White "Meduna, Eduard"]
[Black "Christiansen, Larry Mark"]
[Result "1/2-1/2"]
[WhiteElo "2460"]
[BlackElo "2550"]

1.d4 Nf6 2.c4 e6 3.Nf3 Bb4+ 4.Bd2 Qe7 5.g3 Nc6 6.Bg2 Bxd2+ 7.Nbxd2 d6 8.O-O a5
9.e4 e5 10.d5 Nb8 11.b3 O-O 12.a3 Na6 13.Ne1 c6 14.Nd3 Bd7 15.Qf3 Rfc8 16.Rfc1 g6
17.Qe3 cxd5 18.cxd5 Bb5 19.Bh3 Rxc1+ 20.Rxc1 Bxd3 21.Qxd3 Nc5 22.Qc4 b5 23.Qxb5 Ncxe4
24.Nc4 Qa7 25.Qb6 Nxd5 26.Qxa7 Rxa7 27.Nxd6 Nxd6 28.Rd1 Nc3 29.Rxd6 Rb7 30.Ra6 Rxb3
31.Rxa5 e4 32.Bf1 Rb1 33.Rc5 Nd1 34.Re5 f5 35.a4 Nc3 36.a5 f4 37.gxf4 Ne2+
38.Kg2 Nxf4+  1/2-1/2

[Event "Bohemians"]
[Site "Prague"]
[Date "1988.??.??"]
[Round "?"]
[White "Vokac, Marek"]
[Black "Damjanovic, Mato"]
[Result "1-0"]
[WhiteElo "2410"]
[BlackElo "2325"]

1.d4 Nf6 2.c4 e6 3.Nf3 Bb4+ 4.Bd2 Qe7 5.g3 O-O 6.Bg2 Bxd2+ 7.Qxd2 d6 8.Nc3 e5
9.O-O e4 10.Ng5 Bf5 11.Qf4 Bg6 12.Ngxe4 Bxe4 13.Nxe4 Nbd7 14.Nxf6+ Nxf6 15.e4 Nd7
16.Rfe1 f6 17.Bh3 Rfe8 18.Rad1 Rad8 19.b3 a5 20.Qf5 b6 21.Qd5+ Kh8 22.Qc6 Nf8
23.Re3 Qf7 24.Rde1 Ne6 25.Bxe6 Rxe6 26.Qd5 Qe8 27.Qf5 Rd7 28.Qb5 h6 29.Kg2 Ree7
30.Qf5 Qa8 31.Kg1 Rd8 32.h4 Rde8 33.Kg2 a4 34.Qd5 axb3 35.axb3 Qa3 36.g4 Re6
37.Qc6 Qb2 38.Qxc7 Qxd4 39.Qc6 Re5 40.f4 R5e7 41.Qd5 Qxd5 42.cxd5 Kg8 43.Kf3 Rc7
44.Ra1 Rb8 45.e5 fxe5 46.fxe5 dxe5 47.Ke4 Re8 48.Ra6 Rf8 49.Rxb6 Rf4+ 50.Kxe5 Rxg4
51.d6 Rc8 52.d7 Rf8 53.Re6  1-0

[Event "Bohemians"]
[Site "Prague"]
[Date "1988.??.??"]
[Round "?"]
[White "Karolyi, Tibor Jr"]
[Black "Kindermann, Stefan"]
[Result "1/2-1/2"]
[WhiteElo "2475"]
[BlackElo "2500"]

1.d4 Nf6 2.c4 e6 3.Nf3 Bb4+ 4.Bd2 c5 5.Bxb4 cxb4 6.e3 O-O 7.Be2 d6 8.O-O Qc7
9.a3 bxa3 10.Rxa3 b6 11.Nc3 a6 12.b4 Bb7 13.Qb3 Nbd7 14.Rfa1 Rac8 15.Nd2 e5
16.Qd1 Rfe8 17.Bf3 Bxf3 18.Qxf3 exd4 19.exd4 Nb8 20.h3  1/2-1/2

[Event "Bohemians"]
[Site "Prague"]
[Date "1988.??.??"]
[Round "?"]
[White "Vokac, Marek"]
[Black "Kindermann, Stefan"]
[Result "1/2-1/2"]
[WhiteElo "2410"]
[BlackElo "2500"]

1.d4 Nf6 2.c4 e6 3.Nf3 Bb4+ 4.Bd2 c5 5.Bxb4 cxb4 6.g3 O-O 7.Bg2 d6 8.O-O Re8
9.a3 bxa3 10.Rxa3 Nc6 11.Nc3  1/2-1/2

[Event "Bohemians"]
[Site "Prague"]
[Date "1988.??.??"]
[Round "?"]
[White "Mozny, Milos"]
[Black "Damjanovic, Mato"]
[Result "1-0"]
[WhiteElo "2430"]
[BlackElo "2325"]

1.d4 Nf6 2.Nf3 e6 3.c4 Bb4+ 4.Bd2 c5 5.Bxb4 cxb4 6.g3 O-O 7.Bg2 d6 8.O-O Re8
9.a3 bxa3 10.Rxa3 Qc7 11.Qc1 Nbd7 12.b4 e5 13.dxe5 dxe5 14.c5 Nf8 15.Nc3 Bd7
16.Nd2 Bc6 17.e4 Red8 18.Nc4 Rd4 19.Nb6 Rad8 20.Nbd5 Qd7 21.Rxa7 Bxd5 22.exd5 Rxb4
23.Qa3 Rc4 24.c6 Qf5 25.Rxb7 e4 26.Qe7  1-0

[Event "Reggio Emilia8889-B"]
[Site "Reggio Emilia"]
[Date "1988.??.??"]
[Round "2"]
[White "Turci, Stefano"]
[Black "Anceschi, Vittorio"]
[Result "1/2-1/2"]
[WhiteElo "2225"]
[BlackElo "2295"]

1.d4 Nf6 2.Nf3 e6 3.c4 Bb4+ 4.Bd2 c5 5.Bxb4 cxb4 6.g3 b6 7.Bg2 Bb7 8.O-O O-O
9.Nbd2 d6 10.a3 bxa3 11.Rxa3 Nc6 12.e4 Nb4 13.d5 e5 14.Ne1 Nd7 15.Nc2 Nxc2
16.Qxc2 a5 17.Rb1 Qc7 18.b4 axb4 19.Rxa8 Rxa8 20.Rxb4 Nc5 21.Rb1 Bc8 22.Qb2 Ra6
23.Nb3 Nxb3 24.Qxb3 Bd7 25.Bf1 Qc5 26.Qe3 g6 27.Qxc5  1/2-1/2

[Event "URS-ch sf"]
[Site "Riga"]
[Date "1988.??.??"]
[Round "?"]
[White "Timoshchenko, Gennadi A"]
[Black "Fokin, Sergey"]
[Result "1-0"]
[WhiteElo "2455"]
[BlackElo "2380"]

1.d4 Nf6 2.c4 e6 3.Nf3 Bb4+ 4.Bd2 c5 5.Bxb4 cxb4 6.e3 O-O 7.Be2 b6 8.O-O Bb7
9.Nbd2 Qe7 10.Ne1 d6 11.Bf3 a5 12.a3 bxa3 13.Rxa3 Na6 14.Nd3 Rab8 15.Ra4 e5
16.Bxb7 Rxb7 17.d5 e4 18.Nc1 Nd7 19.Ne2 Ndc5 20.Ra3 Nb4 21.Nd4 f5 22.Rc3 Qe8
23.Qe2 Rf6 24.f4 exf3 25.Rxf3 Rbf7 26.N2b3 Ne4 27.Rc1 Ng5 28.Rf4 g6 29.Nd2 Re7
30.Rc3 Na6 31.Nc6 Rb7 32.h4 Nf7 33.Ne4 Kg7 34.Nxf6 Kxf6 35.e4 Nc5 36.Re3 Ne5
37.exf5 gxf5  1-0

[Event "URS-ch sf"]
[Site "Riga"]
[Date "1988.??.??"]
[Round "?"]
[White "Kharitonov, Andrei Y"]
[Black "Kozlov, Vladimir N"]
[Result "1/2-1/2"]
[WhiteElo "2550"]
[BlackElo "2410"]

1.d4 Nf6 2.Nf3 e6 3.c4 Bb4+ 4.Bd2 c5 5.Bxb4 cxb4 6.e3 O-O 7.Bd3 d6 8.O-O Re8
9.Nbd2 e5 10.Qc2 Nc6 11.Ne4 g6 12.dxe5 dxe5 13.Rad1 Bg4 14.Be2 Qe7 15.Nd6 Red8
16.c5 Ne8 17.Nxe8  1/2-1/2

[Event "Rome"]
[Site "Rome"]
[Date "1988.??.??"]
[Round "?"]
[White "Braga, Fernando"]
[Black "Gulko, Boris F"]
[Result "1/2-1/2"]
[WhiteElo "2425"]
[BlackElo "2595"]

1.d4 Nf6 2.c4 e6 3.Nf3 Bb4+ 4.Bd2 c5 5.Bxb4 cxb4 6.a3 bxa3 7.Rxa3 O-O 8.g3 d6
9.Bg2 Nc6 10.O-O e5 11.h3 Re8 12.Nc3 Bf5 13.Nh4 Bg6 14.Nxg6 hxg6 15.dxe5 dxe5
16.Qxd8 Rexd8 17.Rfa1 Rd7 18.Nb5 a6 19.Bxc6 bxc6 20.Nc3 Rd4 21.Ra4 Rb8 22.R1a2 Rd2
23.Rxa6 Rdxb2 24.Rxb2  1/2-1/2

[Event "Saint John op-2"]
[Site "Saint John"]
[Date "1988.??.??"]
[Round "?"]
[White "Martinovsky, Eugene"]
[Black "Petursson, Margeir"]
[Result "0-1"]
[WhiteElo "2295"]
[BlackElo "2540"]

1.d4 Nf6 2.Nf3 e6 3.c4 Bb4+ 4.Bd2 c5 5.g3 Qb6 6.Bxb4 Qxb4+ 7.Qd2 Qxc4 8.Na3 Qa4
9.Rc1 Ne4 10.Qe3 d5 11.dxc5 Na6 12.Nd2 Qb4 13.Nc4 Nxd2 14.Nd6+ Ke7 15.Qg5+ Kd7
16.Qxd2 Qxd2+ 17.Kxd2 Ke7 18.Nb5 Bd7 19.e3 Rhc8 20.Nd6 Rxc5 21.Nxb7 Rxc1
22.Kxc1 Nb4 23.a3 Rc8+ 24.Kb1 d4 25.Bg2 Nd3 26.exd4 Nxf2 27.Re1 Nd3 28.Rd1 Ba4
29.Rd2 Bb3 30.Nc5 Nxc5 31.dxc5 Rxc5 32.Re2 a5 33.Be4 a4 34.Re3 Re5 35.Re2 Bc4  0-1

[Event "Schoeneck op"]
[Site "Schoeneck"]
[Date "1988.??.??"]
[Round "4"]
[White "Farago, Sandor"]
[Black "Kosten, Anthony C"]
[Result "0-1"]
[WhiteElo "2400"]
[BlackElo "2510"]

1.d4 Nf6 2.c4 e6 3.Nf3 Bb4+ 4.Bd2 c5 5.Bxb4 cxb4 6.g3 O-O 7.Bg2 d6 8.Nbd2 Re8
9.O-O Nc6 10.Qc2 e5 11.d5 Nb8 12.e4 Na6 13.Ne1 Nd7 14.Nd3 Ndc5 15.Nxc5 Nxc5
16.Nb3 Qb6 17.Nxc5 Qxc5 18.a4 Bd7 19.b3 Rf8 20.Kh1 Rae8 21.f4 exf4 22.Rxf4 Re5
23.Raf1 f6 24.Qd2 Rfe8 25.g4 R8e7 26.h4 h6 27.Kh2 Be8 28.Rf5 Bg6 29.Rxe5 Rxe5
30.Rf4 a6 31.h5 Bh7 32.Qd3 Kf7 33.Bf1 Ke7 34.Kg2 Kd8 35.Kh2 Kc7 36.Bg2 Kb8
37.Bf1 Qc7 38.Bg2 Qe7 39.Qd4 Qc7 40.Bf1 Re8 41.Bg2 Qe7 42.Qb6 Qe5 43.Kg3 g5
44.hxg6 Bxg6 45.Qxb4 h5 46.Qd2 hxg4 47.b4 Rc8 48.Qd3 Be8 49.Qb3 Bxa4 50.Qxa4 Rxc4
51.Qb3 Rc3+ 52.Qxc3 Qxc3+ 53.Kxg4 Kc7 54.Bf3 Kd8 55.Bg2 Ke7 56.Bf1 Qe3 57.Bg2 Qe2+
58.Bf3 Qd2 59.Kf5 Qxb4 60.e5 Qb1+ 61.Be4 Qb2 62.e6 a5 63.Kg4 a4 64.Rf5 a3
65.Rh5 f5+ 66.Rxf5 Qg7+  0-1

[Event "Schoeneck op"]
[Site "Schoeneck"]
[Date "1988.??.??"]
[Round "4"]
[White "Roeschlau, Bernd"]
[Black "Gruen, Peter"]
[Result "0-1"]
[WhiteElo "2285"]
[BlackElo "2380"]

1.d4 Nf6 2.c4 e6 3.Nf3 Bb4+ 4.Bd2 c5 5.g3 Qb6 6.d5 exd5 7.cxd5 Nxd5 8.Nc3 Nxc3
9.bxc3 Ba5 10.Bg2 O-O 11.O-O d5 12.Rb1 Qd8 13.Qc2 h6 14.Bf4 Nc6 15.Rfd1 Bb6
16.Nh4 Be6 17.Nf5 Qf6 18.Nd6 g5 19.Bc1 Rad8 20.Nxb7 Rd7 21.Qa4 Rc8 22.c4 Nd4
23.e3 Nf3+ 24.Kh1 Rxb7 25.cxd5 Bd7 26.Qe4 g4 27.Bb2 Qf5 28.Qc4 Ba5 29.e4 Qh5
30.Bxf3 gxf3 31.Qa6 Qh3 32.Rg1 Rcb8 33.Qf6 Rxb2 34.Rxb2 Rxb2 35.Qxb2 Bb6
36.Qf6 Qg4 37.e5 Qg5 38.Qd6 Bh3 39.Rd1 c4 40.Kg1 c3 41.Qc6 Qe3 42.Rf1 Qe2  0-1

[Event "Schoeneck op"]
[Site "Schoeneck"]
[Date "1988.??.??"]
[Round "10"]
[White "Vegh, Endre"]
[Black "Farago, Sandor"]
[Result "0-1"]
[WhiteElo "2365"]
[BlackElo "2400"]

1.d4 Nf6 2.c4 e6 3.Nf3 Bb4+ 4.Bd2 c5 5.Bxb4 cxb4 6.g3 O-O 7.Bg2 d6 8.O-O Re8
9.Nbd2 Nc6 10.e4 e5 11.d5 Nb8 12.Ne1 a5 13.Nd3 Na6 14.Qe2 Nd7 15.a3 Qb6 16.Kh1 Ndc5
17.Nxc5 Nxc5 18.f4 Bd7 19.Qf2 exf4 20.gxf4 f6 21.Nb3 Rac8 22.axb4 Qxb4 23.Nxa5 Nxe4
24.Qd4 Nc5 25.Rfd1 Ra8 26.Qc3 Qxc3 27.bxc3 Ra6  0-1

[Event "URS-FL56"]
[Site "Simferopol"]
[Date "1988.??.??"]
[Round "?"]
[White "Tukmakov, Vladimir B"]
[Black "Dvoirys, Semen I"]
[Result "1/2-1/2"]
[WhiteElo "2590"]
[BlackElo "2440"]

1.d4 Nf6 2.c4 e6 3.Nf3 Bb4+ 4.Bd2 Qe7 5.g3 Nc6 6.Bg2 Bxd2+ 7.Nbxd2 O-O 8.O-O d6
9.e4 e5 10.d5 Nb8 11.b4 a5 12.a3 axb4 13.axb4 Rxa1 14.Qxa1 Na6 15.Qc3  1/2-1/2

[Event "URS-FL56"]
[Site "Simferopol"]
[Date "1988.??.??"]
[Round "?"]
[White "Janjgava, Lasha"]
[Black "Ulibin, Mikhail"]
[Result "0-1"]
[WhiteElo "2470"]
[BlackElo "2390"]

1.d4 e6 2.c4 Nf6 3.Nf3 Bb4+ 4.Bd2 Qe7 5.Qc2 Bxd2+ 6.Nbxd2 d6 7.e4 e5 8.d5 O-O
9.Be2 Nh5 10.g3 Bh3 11.O-O-O g6 12.Kb1 a5 13.Nh4 Ng7 14.Bf1 Bd7 15.Ng2 Na6
16.h4 c6 17.Be2 cxd5 18.cxd5 Nb4 19.Qb3 Nf5 20.Nf3 Rfc8 21.Rc1 Qe8 22.Rxc8 Rxc8
23.Rc1 Rxc1+ 24.Kxc1 Nd4 25.Nxd4 exd4 26.f3 Ba4 27.Qc4 d3 28.Bxd3 b5 29.Qd4 Qe5
30.Qxe5 Nxd3+ 31.Kd2 Nxe5 32.b3 Bxb3 33.axb3 Nxf3+ 34.Kc3 h5 35.Ne3 Kg7 36.b4 axb4+
37.Kxb4 Kf6 38.Kxb5 Nd2 39.Kc6 Nxe4 40.g4 hxg4 41.Nxg4+ Ke7 42.Ne3 f5  0-1

[Event "URS-FL56"]
[Site "Simferopol"]
[Date "1988.??.??"]
[Round "?"]
[White "Janjgava, Lasha"]
[Black "Dvoirys, Semen I"]
[Result "0-1"]
[WhiteElo "2470"]
[BlackElo "2440"]

1.d4 Nf6 2.c4 e6 3.Nf3 Bb4+ 4.Bd2 Qe7 5.g3 Nc6 6.Nc3 d5 7.a3 Bxc3 8.Bxc3 dxc4
9.Qa4 O-O 10.Qxc4 Rb8 11.Bg2 Qd6 12.Bd2 b5 13.Qd3 b4 14.O-O bxa3 15.bxa3 Rb6
16.Rfc1 Ba6 17.Qc2 Qd5 18.e3 Bb7 19.Ne1 Qh5 20.Nd3 Ne7 21.Nf4 Qh6 22.Bb4 Bxg2
23.Kxg2 Re8 24.Qxc7 Nf5 25.Qxa7 Rbb8 26.Qa6 Ng4 27.h3 Ngxe3+ 28.fxe3 Nxe3+
29.Kf2 Nf5 30.Qd3 Red8 31.Ne2 Qxh3 32.Rh1 Qg4 33.Qf3 Rxd4 34.Nxd4 Qxd4+ 35.Kg2 Ne3+
36.Kh3 g5 37.Qe2 g4+ 38.Kh2 Rb5 39.Qd2 Rh5+ 40.Kg1 Qxa1+ 41.Qe1 Rxh1+ 42.Kxh1 Qd4  0-1

[Event "Sochi"]
[Site "Sochi"]
[Date "1988.??.??"]
[Round "?"]
[White "Dokhoian, Yury"]
[Black "Arnason, Jon L"]
[Result "1/2-1/2"]
[WhiteElo "2520"]
[BlackElo "2590"]

1.d4 Nf6 2.c4 e6 3.Nf3 Bb4+ 4.Bd2 c5 5.Bxb4 cxb4 6.g3 O-O 7.Bg2 d6 8.Nbd2 Nc6
9.Nf1 Qa5 10.Ne3 b3+ 11.Qd2 Qxd2+ 12.Nxd2 bxa2 13.Bxc6 bxc6 14.Rxa2 Rd8 15.f3 Rd7
16.Kd1 Rc7 17.Ra5 Rb7 18.Kc2 Rab8 19.b3 Kf8 20.Rha1 Ra8 21.Kc3 Ke7 22.Nc2 Ne8
23.Nb4 Bd7 24.Ra6 Nc7 25.R6a5 f6 26.e4 e5 27.d5 c5 28.Nd3 a6 29.Rb1 Rab8
30.b4 cxb4+ 31.Rxb4 Rxb4 32.Nxb4 g6 33.Nb3 Ra8 34.Ra2 h5 35.Na5 g5 36.Rb2 g4
37.fxg4 hxg4 38.Nbc6+ Bxc6 39.Nxc6+ Kd7 40.Rf2 Rf8 41.Rf5 Ne6 42.Rh5 Ng5  1/2-1/2

[Event "Tatran Cup"]
[Site "Stary Smokovec"]
[Date "1988.??.??"]
[Round "1"]
[White "Vokac, Marek"]
[Black "Drasko, Milan"]
[Result "1-0"]
[WhiteElo "2450"]
[BlackElo "2510"]

1.d4 Nf6 2.c4 e6 3.Nf3 Bb4+ 4.Bd2 c5 5.Bxb4 cxb4 6.g3 O-O 7.Bg2 d6 8.O-O Re8
9.a3 Nc6 10.axb4 Nxb4 11.Nc3 Bd7 12.Qb3 a5 13.Rfd1 Qc7 14.Nd2 Rac8 15.Na2 Nc6
16.e3 a4 17.Qa3 Na5 18.Bf1 e5 19.dxe5 Rxe5 20.Nc3 Qb6 21.Nxa4 Bxa4 22.Qxa4 Qxb2
23.Rab1 Qc3 24.Nf3 b5 25.cxb5 Re4 26.Nd4 Nb7 27.Rdc1 Qxc1 28.Rxc1 Rxc1 29.Qa8+  1-0

[Event "Rilton Cup"]
[Site "Stockholm"]
[Date "1988.??.??"]
[Round "?"]
[White "Welin, Thomas"]
[Black "Rashkovsky, Nukhim N"]
[Result "1/2-1/2"]
[WhiteElo "2390"]
[BlackElo "2500"]

1.d4 Nf6 2.Nf3 e6 3.c4 Bb4+ 4.Bd2 Qe7 5.g3 Nc6 6.Bg2 Bxd2+ 7.Nbxd2 a5 8.O-O d6
9.e4 e5 10.d5 Nb8 11.Ne1 O-O 12.Nd3 Na6 13.f4 c6 14.Qb3 Nd7 15.Qc3 Nac5 16.Nxc5 Nxc5
17.f5 f6 18.Nb3 Na4 19.Qd2 b5 20.Rfc1 Qa7+ 21.Kh1 Nb6 22.cxb5 cxb5 23.Rc2 Nc4
24.Qe1 Ne3 25.Rc3 Nxg2 26.Kxg2 b4 27.Rc2 Bd7 28.Qf2 Bb5 29.Qxa7 Rxa7 30.Kf3 g6
31.g4 h5 32.h3 hxg4+ 33.hxg4 Rh7 34.fxg6 Rh3+ 35.Kg2 Re3 36.Rc7 Bd3 37.Kf2 Rxe4
38.Rg1 a4 39.Na5 Rf4+ 40.Ke3 Bxg6 41.Nb7 Re4+ 42.Kf3 Rf4+ 43.Ke3 Re4+ 44.Kf3 Rf4+  1/2-1/2

[Event "Rilton Cup"]
[Site "Stockholm"]
[Date "1988.??.??"]
[Round "?"]
[White "Evertsson, Lennart"]
[Black "Vigfusson, Thrainn"]
[Result "0-1"]
[WhiteElo "2200"]
[BlackElo "2230"]

1.d4 Nf6 2.c4 e6 3.Nf3 Bb4+ 4.Bd2 Bxd2+ 5.Nbxd2 O-O 6.e3 b6 7.Bd3 Bb7 8.O-O d6
9.Rc1 Nbd7 10.Qc2 c5 11.Rfd1 Rc8 12.Ne4 Bxe4 13.Bxe4 cxd4 14.Rxd4 d5 15.Bd3 e5
16.Bxh7+ Nxh7 17.Rxd5 Qe7 18.Qf5 Nhf6 19.Ng5 g6 20.Qh3 Kg7 21.Rd2 Rh8 22.Qf3 e4
23.Qe2 Ne5 24.Rd4 Nfg4 25.Nxe4 Rxh2 26.Qd2 Qh4 27.Ng3 Nf3+ 28.gxf3 Qh3 29.Nh5+ Kh7
30.Nf6+ Nxf6  0-1

[Event "Thessaloniki ol (Women)"]
[Site "Thessaloniki"]
[Date "1988.??.??"]
[Round "?"]
[White "Voiska, Margarita"]
[Black "Liu Shilan"]
[Result "1-0"]
[WhiteElo "2315"]
[BlackElo "2285"]

1.d4 Nf6 2.Nf3 e6 3.c4 Bb4+ 4.Bd2 Qe7 5.Nc3 O-O 6.g3 Bxc3 7.Bxc3 Ne4 8.Rc1 Nxc3
9.Rxc3 d6 10.Bg2 e5 11.O-O Bg4 12.c5 Nc6 13.cxd6 cxd6 14.d5 Bxf3 15.Bxf3 Nd4
16.Bg2 Nb5 17.Rc1 Rac8 18.Qb3 Nd4 19.Qd3 Qd7 20.e3 Nf5 21.Rxc8 Qxc8 22.Bh3 e4
23.Qb1 g6 24.Rc1 Qd7 25.Bg2 Rc8 26.Bxe4 Ne7 27.Bg2 a5 28.e4 b6 29.Rxc8+ Qxc8
30.Bf1 Qc5 31.Qd3 f5 32.exf5 Nxf5 33.Qc3 Nd4 34.Qxc5 dxc5 35.f4 Kf7 36.Kf2 Ke7
37.Ke3 Kd6 38.Ke4 h5 39.Bd3 Nf5 40.Bb5 Ne7  1-0

[Event "Thessaloniki ol (Men)"]
[Site "Thessaloniki"]
[Date "1988.??.??"]
[Round "3"]
[White "Khan, Mohd Omer"]
[Black "Johansen, Darryl K"]
[Result "0-1"]
[WhiteElo "2325"]
[BlackElo "2415"]

1.d4 Nf6 2.Nf3 e6 3.c4 Bb4+ 4.Bd2 Qe7 5.g3 Nc6 6.Nc3 O-O 7.a3 Bxc3 8.Bxc3 Ne4
9.Qc2 f5 10.Bg2 d6 11.O-O Nxc3 12.Qxc3 e5 13.d5 Nd8 14.c5 f4 15.cxd6 cxd6
16.Nd2 Bg4 17.Qd3 Nf7 18.h3 Bd7 19.Rac1 Rac8 20.Kh2 Ng5 21.h4 Bf5 22.e4 fxe3
23.Qxe3 Nf7 24.Qxa7 Nh6 25.f3 Bd3 26.Bh3 Ra8 27.Be6+ Kh8 28.Qb6 Bxf1 29.Rxf1 Nf5
30.Ne4 Ra6 31.Qb4 Nd4 32.Bg4 Qc7 33.Rf2 Rb6 34.Qd2 Qf7 35.f4 Qxd5 36.fxe5 Rxf2+
37.Qxf2 dxe5 38.b4 h5 39.Qf8+ Qg8 40.Qxg8+ Kxg8 41.Bxh5 Ra6 42.Nc5 Rxa3 43.Bg6 b5
44.Nd3 Rb3 45.h5 Nc6 46.g4 Nxb4 47.Nxe5 Re3 48.Nf7 Nc6 49.Ng5 Ne5 50.Bh7+ Kh8
51.Kg2 Nxg4 52.Bf5 Nh6 53.Bb1  0-1

[Event "Thessaloniki ol (Men)"]
[Site "Thessaloniki"]
[Date "1988.??.??"]
[Round "3"]
[White "Grivas, Efstratios"]
[Black "Liao, Yuan Eu"]
[Result "1/2-1/2"]
[WhiteElo "2400"]
[BlackElo "2405"]

1.d4 Nf6 2.c4 e6 3.Nf3 Bb4+ 4.Bd2 Qe7 5.g3 Nc6 6.Nc3 d5 7.cxd5 exd5 8.Bg2 O-O
9.O-O Re8 10.Re1 Bg4 11.Bg5 Rad8 12.Qd3 h6 13.Bxf6 Qxf6 14.Rad1 a6 15.a3 Bf5
16.Qd2 Bxc3 17.bxc3 Be4 18.Qb2 Na5 19.Nd2 Bxg2 20.Kxg2 Qc6 21.Rb1 b6 22.Qc2 Re6
23.e3 Rde8 24.Kg1 h5 25.Rb4 h4 26.Rc1 hxg3 27.hxg3 Rh6 28.Qf5 Rf6 29.Qh3 Qd6
30.Re1 Nc6 31.Rb3 Na5 32.Rb4 Nc6 33.Rb3 Na5 34.Rb4 Qc6 35.Rc1  1/2-1/2

[Event "Thessaloniki ol (Men)"]
[Site "Thessaloniki"]
[Date "1988.??.??"]
[Round "3"]
[White "Lim, Jeremy"]
[Black "Inkiov, Ventzislav"]
[Result "1/2-1/2"]
[WhiteElo "2200"]
[BlackElo "2485"]

1.c4 e6 2.Nf3 Nf6 3.d4 Bb4+ 4.Bd2 Qe7 5.g3 O-O 6.Bg2 Bxd2+ 7.Qxd2 d6 8.O-O e5
9.Nc3 Re8 10.e4 a5 11.d5 Na6 12.Ne1 c6 13.Rb1 cxd5 14.cxd5 Bd7 15.Nd3 Qd8
16.Rfc1 Qb6 17.b3 Rec8 18.Nb2 Nc5 19.Kh1 Qa7 20.f3 b5 21.Bf1 b4 22.Ncd1 Ne8
23.Ne3 Rc7 24.Nd3 Rac8 25.Nxc5 Rxc5 26.Bc4 Nf6 27.Ra1 Qc7  1/2-1/2

[Event "Thessaloniki ol (Men)"]
[Site "Thessaloniki"]
[Date "1988.??.??"]
[Round "6"]
[White "Nickoloff, Bryon"]
[Black "Dive, Russell John"]
[Result "1-0"]
[WhiteElo "2390"]
[BlackElo "2265"]

1.d4 Nf6 2.c4 e6 3.Nf3 Bb4+ 4.Bd2 Qe7 5.g3 O-O 6.Bg2 Bxd2+ 7.Qxd2 d6 8.Nc3 e5
9.Rd1 c6 10.dxe5 dxe5 11.Qd6 Qxd6 12.Rxd6 Re8 13.b4 Nbd7 14.Nd2 Rb8 15.O-O Nf8
16.Nb3 Bg4 17.h3 Bf5 18.Na5 Ne6 19.e4 Bg6 20.f4 exf4 21.gxf4 Red8 22.Rxd8+ Nxd8
23.e5 Ne8 24.f5 Bh5 25.Kf2 f6 26.exf6 Nxf6 27.Ne2 Rc8 28.Rc1 Bf7 29.Nb3 b6
30.Ned4 Kf8 31.Ke3 Rc7 32.Kd3 Be8 33.c5 Nh5 34.Rf1 Bf7 35.a3 Nf6 36.Nd2 Bd5
37.Bxd5 cxd5 38.c6 a6 39.a4 b5 40.axb5 axb5 41.N2b3 Ne4 42.Na5 Nd6 43.Rc1 Ke7
44.Rc5 g6 45.fxg6 hxg6 46.Rxd5 Rc8 47.Nxb5 Nxb5 48.Rxb5 Nxc6 49.Rb7+ Kf8
50.Nxc6 Rxc6 51.b5 Rc5 52.b6 Rh5 53.Rc7 Rxh3+ 54.Ke2  1-0

[Event "Thessaloniki ol (Men)"]
[Site "Thessaloniki"]
[Date "1988.??.??"]
[Round "9"]
[White "Agdestein, Simen"]
[Black "El Arousy, Abdul Hameed"]
[Result "1-0"]
[WhiteElo "2595"]
[BlackElo "2200"]

1.d4 Nf6 2.c4 e6 3.Nf3 Bb4+ 4.Bd2 c5 5.Bxb4 cxb4 6.g3 b6 7.Bg2 Bb7 8.O-O O-O
9.Qd3 Qc7 10.Nbd2 a5 11.e4 d5 12.cxd5 Ba6 13.Qe3 Bxf1 14.Rxf1 exd5 15.e5 Ng4
16.Qd3 Qd7 17.Ng5 g6 18.f4 Nc6 19.f5 gxf5 20.Rxf5 f6 21.e6 Qg7 22.Nf7 Ne7
23.Rxd5 Rac8 24.Rd7 Rc1+ 25.Nf1 Qg6 26.Qe2 Nf5 27.Be4 Nge3 28.Bxf5 Nxf5 29.Qf3 Ng7
30.e7 Re8 31.Nd6 Re1 32.Qd5+ Ne6 33.Nxe8 Rxf1+ 34.Kxf1 Qd3+ 35.Kg2 Qd2+ 36.Kh3 Qh6+
37.Kg4 Qg6+ 38.Kh4  1-0

[Event "Thessaloniki ol (Men)"]
[Site "Thessaloniki"]
[Date "1988.??.??"]
[Round "9"]
[White "Adianto, Utut"]
[Black "Weemaes, Ronald"]
[Result "1-0"]
[WhiteElo "2525"]
[BlackElo "2340"]

1.d4 Nf6 2.Nf3 e6 3.c4 Bb4+ 4.Bd2 Qe7 5.g3 b6 6.Bg2 Bb7 7.O-O Bxd2 8.Qxd2 O-O
9.Nc3 d6 10.d5 e5 11.Nh4 Ne8 12.Nf5 Qf6 13.Bh3 Bc8 14.Nh6+ Qxh6 15.Qxh6 gxh6
16.Bxc8 a6 17.f4 Kg7 18.Bf5 Nf6 19.fxe5 dxe5 20.b4 Nbd7 21.a3 Rad8 22.Rac1 Ne8
23.Kg2 Nd6 24.Ne4 Nxe4 25.Bxe4 Nf6 26.Kf3 Ne8 27.Ke3 b5 28.cxb5 axb5 29.Rc5 Ra8
30.Ra1 Nd6 31.Bd3 Ra7 32.Bxb5 Rfa8 33.Bd3 e4 34.Bc2 Rxa3+ 35.Rxa3 Rxa3+ 36.Kf4 Ra7
37.Bxe4 Ra4 38.Bc2 Rxb4+ 39.e4 Ne8 40.Kf5 Kf8 41.Rc6 Ke7 42.Rxh6 Nd6+ 43.Kf4 Rc4
44.Bd3 Rd4 45.Ke3  1-0

[Event "Thessaloniki ol (Men)"]
[Site "Thessaloniki"]
[Date "1988.??.??"]
[Round "9"]
[White "Barbero, Gerardo F"]
[Black "Fauland, Alexander"]
[Result "1/2-1/2"]
[WhiteElo "2505"]
[BlackElo "2385"]

1.d4 Nf6 2.c4 e6 3.Nf3 Bb4+ 4.Bd2 c5 5.Bxb4 cxb4 6.g3 O-O 7.Bg2 d6 8.O-O Nc6
9.Qd3 e5 10.Nbd2 Re8 11.e4 Bg4 12.d5 Bxf3 13.Nxf3 Nb8 14.a3 Na6 15.Ne1 Nc5
16.Qe3 Qb6 17.Nc2 b3 18.Nb4  1/2-1/2

[Event "Thessaloniki ol (Men)"]
[Site "Thessaloniki"]
[Date "1988.??.??"]
[Round "11"]
[White "Baquero, Luis A"]
[Black "Arnason, Jon L"]
[Result "0-1"]
[WhiteElo "2345"]
[BlackElo "2535"]

1.d4 Nf6 2.c4 e6 3.Nf3 Bb4+ 4.Bd2 c5 5.Bxb4 cxb4 6.a3 bxa3 7.Rxa3 O-O 8.e3 d6
9.Be2 b6 10.O-O Bb7 11.Nc3 a5 12.Qb1 Na6 13.Na2 Qe7 14.b4 d5 15.Ra4 dxc4
16.Bxc4 Nc7 17.Be2 Nfd5 18.Qb2 axb4 19.Rxa8 Rxa8 20.Ne5 Qd6 21.Rc1 h6 22.Nc4 Qe7
23.Bf3 b5 24.Nb6 Nxb6 25.Bxb7 Ra4 26.Bf3 Nc4 27.Qc2 Nd5 28.Bxd5 exd5 29.Qb3 Qd6
30.h3 Ra3 31.Qb1 b3 32.Nc3 b2 33.Rd1 Ra1 34.Qc2 Qb4 35.Nb1 Qa4 36.Qe2 Na3
37.Qg4 Qxd1+  0-1